Most Popular Songs-1976 - Statistics

General Stats
  • This quiz has been taken 23 times
  • The average score is 4 of 12
Answer Stats
Month Artist Answer % Correct
September ABBA Dancing Queen
83%
August Elton John & Kiki Dee Don't Go Breaking My Heart
74%
February C. W. McCall Convoy
61%
January ABBA Mamma Mia
57%
May ABBA Fernando
35%
June Wings Silly Love Songs
30%
April Brotherhood Of Man Save Your Kisses For Me
26%
October Pussycat Mississippi
22%
November Boney M. Daddy Cool
17%
March The Four Seasons December, 1963 (Oh, What A Night)
13%
July The Manhattans Kiss And Say Goodbye
9%
December ABBA Money, Money, Money
9%
No matching quizzes found
Score Distribution
Percent of People with Each Score
Percentile by Number Answered
Your Score History
You have not taken this quiz